|
|
|
|
| LEADER |
000000am a2200000 a 4500 |
| 001 |
29404 |
| 003 |
Ucuenca |
| 005 |
20230308181023.0 |
| 008 |
998031|1982 ||||||||r|||||||||||spa|| |
| 020 |
|
|
|a 8425406773
|
| 040 |
|
|
|b spa
|
| 041 |
0 |
|
|a spa
|
| 082 |
0 |
|
|a 519.5
|
| 100 |
1 |
|
|a Domenech I Massons, Josep María
|9 91004
|
| 245 |
|
|
|a Bioestadística:
|c Josep María Demenech I. Massons
|h imp
|b métodos estadísticos para investigadores
|
| 250 |
|
|
|a 4a ed.
|
| 264 |
|
|
|a Barcelona
|b Editorial Herder
|c 1982
|
| 300 |
|
|
|a 648 páginas:
|b tab
|c 24.5 cm
|
| 504 |
|
|
|a incl. ref.
|
| 520 |
3 |
|
|a Introducción, definiciones preliminares, carácter cualitativo.
|
| 650 |
|
7 |
|a Bioestadística
|9 67583
|
| 650 |
|
0 |
|a Método estadístico
|9 34712
|
| 650 |
|
0 |
|a Estadística
|9 7865
|
| 650 |
|
7 |
|a Investigadores
|9 31373
|
| 852 |
|
|
|a UC-SALUD
|f Compra
|l 1
|m General
|p 19980318
|q $ 0.07
|t 29404
|b 0
|d CDRS
|e CDRS
|g 519.5
|z 1998-80-31
|
| 942 |
|
|
|c BK
|0 11
|
| 999 |
|
|
|c 54999
|d 54999
|